Statistics for Six of Crows

Click here to take the quiz!

General Stats

  • This quiz has been taken 221 times
  • The average score is 11 of 12

Answer Stats

HintAnswer% Correct
She was called an "investment"Inej Ghafa
100%
He was the one who called the above an "Investment"Kaz Brekker
100%
He doesn't like "just girls"Jesper Fahey
99%
The FjerdanMatthias Helvar
99%
The Grisha/Girlfriend of the aboveNina Zenik
99%
He was the one who asked if the above liked "just girls"Wylan Van Eck
99%
He doesn't like his sonJan Van Eck
93%
Badass A.K.A the most powerful Grisha A.K.A now queen of RavkaZoya Nazyalensky
92%
Hot Grisha with a one of a kind power- tailoringGenya Safin
90%
The above's now husband/ PrivateerNikolai Lantsov
89%
The above's lover/dead husbandDavid Kostyk
82%
He basically adopted the crewColm Fahey
56%

Score Distribution

Percentile by Number Answered

Percent of People with Each Score

Your Score History

You have not taken this quiz